000 01159pam a2200325 a 4500
001 910
005 20230821145729.0
008 970822s1998 nyua b 000 1 eng
020 _a0679890505 (pbk.)
020 _a090129003990
040 _aDLC
_cDLC
_dDLC
_beng
050 0 0 _aPZ7.O81167
_bVag 1998
082 0 0 _aFic
100 1 _aOsborne, Mary Pope.
245 1 0 _aVacation under the volcano
_cby Mary Pope Osborne ; illustrated by Sal Murdocca.
250 _aPrinted in the United States of America
260 _aNew York :
_bRandom House,
_c1998.
300 _a74 pages :
_billustration ;
_c20 cm
490 1 _aMagic tree house ;
_vBook 13
500 _a"A Stepping Stone book."
505 _aG
520 _aTheir magic tree house takes Annie and Jack to Pompeii just as Vesuvius is about to erupt, and they must find a Roman scroll before everything is covered with burning ash.
521 0 _a410
_bLexile
521 0 _aG
_bRaz-Plus
650 1 _aTime travel
_xFiction.
650 1 _aTree houses
_xFiction.
700 1 _aMurdocca, Sal
_eillustrator
906 _a7
_bcbc
_corignew
_d1
_eocip
_f19
_gy-gencatlg
942 _2ddc
_cBK
_n0
999 _c910
_d910